[Event "XLIV Sevilla Open 2019"]
[Site "Sevilla"]
[Date "2019.01.16"]
[Round "6"]
[White "Fedorchuk, Sergey A."]
[Black "Montero Melendez, Rafael"]
[Result "1-0"]
[WhiteElo "2606"]
[BlackElo "2353"]
[Annotator "TA"]
[PlyCount "55"]
[EventDate "2019.01.11"]
[EventType "swiss"]
[EventCountry "ESP"]
[SourceTitle "playchess.com"]
[Source "ChessBase"]
[SourceQuality "1"]

{[%evp 9,55,13,6,1,16,9,13,20,9,18,20,24,50,48,51,58,84,73,117,106,109,37,42,48,128,123,147,135,152,160,170,165,174,188,206,216,313,288,277,286,350,358,345,342,429,420,407,389]} 1. e4 e5 2. Nf3 Nc6 3. Bb5 Nf6 4. d3 Bc5 5. Ba4 $146 ({Predecessor:} 5. c3 O-O 6. O-O d5 7. Nbd2 dxe4 8. dxe4 a5 9. Bxc6 bxc6 10. Nxe5 Re8 11. Nb3 Qxd1 12. Rxd1 Bb6 13. Nc4 Nxe4 14. Nxb6 cxb6 {½-½ (43) Sethuraman,S (2673)-Giri,A (2780) Douglas 2018}) 5... O-O 6. O-O {C65: Ruy Lopez: Berlin Defence (3...Nf6), unusual lines and 4 0-0 Bc5} Re8 7. Bg5 h6 8. Bh4 {The position is equal.} g5 9. Bg3 d6 10. c3 Bb6 11. Nbd2 Bd7 12. Nc4 Ne7 13. Bxd7 Qxd7 14. a4 c6 15. Qb3 (15. h4 $16) 15... Bc7 $14 16. Qxb7 Reb8 ({Better is} 16... h5 $14) 17. Qa6 $16 Ng6 18. b4 Nh5 19. Ne3 d5 {[#]} 20. a5 $1 Kh7 21. Rfe1 dxe4 22. dxe4 Rb5 (22... Nf6 $142 23. Qc4 Re8) 23. Rad1 $18 Qe6 24. Nf5 Nxg3 25. hxg3 ({Less strong is} 25. fxg3 Nf8 $18) 25... Nf8 26. Nd6 {[%mdl 64] [#] Decoy} Bxd6 27. Qxc6 {[%mdl 64] Double Attack} Qe8 28. Rxd6 {Accuracy: White = 78%, Black = 36%.} ({Don't play} 28. Qxd6 Ng6 $18) 1-0

[Event "XLIV Sevilla Open 2019"]
[Site "Sevilla"]
[Date "2019.01.16"]
[Round "6"]
[White "Ibarra Jerez, Jose Carlos"]
[Black "Aguilar, Andres"]
[Result "1-0"]
[WhiteElo "2558"]
[BlackElo "2307"]
[Annotator "TA"]
[PlyCount "103"]
[EventDate "2019.01.11"]
[EventType "swiss"]
[EventCountry "ESP"]
[SourceTitle "playchess.com"]
[Source "ChessBase"]
[SourceQuality "1"]

{[%evp 15,103,-20,-1,-9,-12,-13,-10,-18,-8,8,50,65,80,73,67,72,105,108,99,81,170,48,183,194,171,175,242,242,222,197,275,55,55,29,151,120,151,96,103,113,112,70,85,62,72,72,73,84,110,106,112,114,108,117,157,157,159,146,174,182,138,149,206,187,241,264,387,367,539,445,575,551,2087,2119,2118,2037,1592,2085,1937,2024,29974,29976,29960,12368,29983,29984,29984,29985,29986,29986]} 1. e4 c5 2. Nc3 d6 3. d4 cxd4 4. Qxd4 Nc6 5. Qd2 Nf6 (5... g6 6. b3 Bh6 7. f4 f5 8. Bb2 Nf6 9. Bd3 Qa5 10. exf5 Bxf5 11. Nge2 Bxd3 12. Qxd3 {1-0 (42) Nakamura,H (2769)-Grischuk,A (2766) Leuven 2018}) 6. b3 {B23: Closed Sicilian: Lines without g3} e6 7. Bb2 Be7 8. O-O-O O-O {LiveBook: 6 Games} 9. f4 a6 10. Nf3 Qc7 $146 ({Predecessor:} 10... b5 11. g4 {½-½ (45) Galopoulos,N (2351)-Giannoulakis,L (2287) Rio Achaea 2018}) 11. Bd3 b5 {[%cal Bb7b5,Bb5b4][%mdl 32]} 12. g4 b4 (12... Nxg4 $6 13. Rhg1 $16) 13. Na4 d5 14. e5 Ne4 15. Qe3 Nc3 16. Nxc3 bxc3 17. Bxc3 Nb4 (17... a5 $16) 18. Kb1 (18. Bxh7+ $18 Kxh7 19. Bxb4 {[%mdl 64] Overworked Piece} Bxb4 20. Ng5+ Kg8 21. Qh3) 18... Qa5 (18... a5 $14) 19. Bxb4 $1 $18 Qxb4 20. Nd4 Bd7 (20... Qc5 $142 21. f5 exf5) 21. f5 $1 Rfc8 22. Rhf1 Bc5 (22... Qc3 {keeps fighting.} 23. Ne2 (23. fxe6 Bxe6 24. Ne2 Qc7 $16) 23... Qc7) 23. Be2 $2 ({White should try} 23. fxe6 $18 Bxe6 24. Bf5) 23... a5 $1 $14 24. Rf3 Qb6 (24... a4 $11 {remains equal.}) 25. c3 Rab8 26. Ka1 (26. f6 $142 {Black must now prevent fxg7.} g6 27. Ka1 (27. Qh6 Bf8 $16)) 26... a4 $16 27. b4 a3 28. Qd2 Bxd4 $1 29. Qxd4 Ba4 30. Qxb6 Rxb6 31. Rd4 exf5 32. gxf5 Bc2 33. b5 $1 (33. Rxd5 $2 Be4 $19) 33... Be4 34. Re3 $1 Rh6 {[#]} 35. h3 $1 Bxf5 36. c4 (36. Rxd5 $6 Rxh3 37. Rxh3 Bxh3 $16) 36... Rxh3 37. Rxh3 Bxh3 38. Rxd5 {[%mdl 4096] Endgame KRB-KRB} Bg2 (38... h5 $16) 39. Rd3 $18 h5 (39... f5 $142 40. Rxa3 Be4) 40. Rxa3 ({Don't play} 40. Bxh5 $6 Rxc4 41. Rxa3 Kf8 $16) 40... h4 {[#]} (40... Kf8 $142 41. Rg3 (41. Bxh5 Rxc4 42. Kb2 Rc5 $16) 41... Bb7) 41. Bf3 $1 {[%cal Rf3g2]} Bxf3 (41... h3 $142 42. Bxg2 hxg2) 42. Rxf3 Rxc4 {Threatening ...Rb4. KR-KR} 43. b6 {Hoping for b7.} Rc1+ 44. Kb2 Rc8 45. a4 {[%cal Ba2a4,Ba4a5][%mdl 32]} g5 46. a5 Rb8 47. Rf5 f6 48. exf6 Kf7 49. Rxg5 Rh8 50. b7 {White mates.} h3 51. Rg1 h2 52. Rh1 {Accuracy: White = 75%, Black = 33%.} 1-0

[Event "XLIV Sevilla Open 2019"]
[Site "Sevilla"]
[Date "2019.01.16"]
[Round "6"]
[White "Saric, Ante"]
[Black "Halfhide, Sebastian"]
[Result "1-0"]
[WhiteElo "2536"]
[BlackElo "2282"]
[Annotator "TA"]
[PlyCount "69"]
[EventDate "2019.01.11"]
[EventType "swiss"]
[EventCountry "ESP"]
[SourceTitle "playchess.com"]
[Source "ChessBase"]
[SourceQuality "1"]

{[%evp 16,69,0,0,20,19,19,28,31,18,56,24,18,14,99,96,91,92,107,99,102,110,106,99,117,119,187,195,228,226,224,208,242,233,233,228,237,229,245,250,251,231,423,431,519,556,556,558,555,553,522,518,1698,1633,1346,1333]} 1. Nf3 Nf6 2. c4 e6 3. g3 b6 4. Bg2 Bb7 5. O-O Be7 6. b3 O-O 7. Bb2 d5 8. Ne5 Nbd7 9. d4 {LiveBook: 23 Games. A14: English Opening: 1...e6 with b3 by White} Nxe5 (9... c5 10. cxd5 Nxd5 11. Nxd7 Qxd7 12. dxc5 Bxc5 13. a3 Rad8 14. b4 Be7 15. Qb3 Bf6 16. Rd1 Bxb2 17. Qxb2 {1-0 (34) Liu,Y (2505)-Ma,Z (2489) Tianjin 2018}) 10. dxe5 Ne4 11. Qc2 {The position is equal.} Bc5 $146 ({Predecessor:} 11... f5 12. exf6 Bxf6 13. Bxe4 dxe4 14. Bxf6 Qxf6 15. Nc3 e5 16. Rad1 Rad8 17. Rxd8 Rxd8 18. Rd1 Rxd1+ 19. Nxd1 {½-½ (19) Czartoryski,P (2061)-Korbal,A (1994) Wroclaw 2007}) 12. e3 Qg5 13. Bd4 Bxd4 14. exd4 Qg6 (14... c5 $11) 15. f3 $16 Ng5 16. Qxg6 fxg6 17. f4 Ne4 18. Bxe4 dxe4 19. Nc3 Rad8 20. Rad1 Rd7 (20... e3 $16 {might work better.} 21. Rd3 h6) 21. Kf2 $18 Rfd8 22. Ke3 c5 23. Nb5 (23. Nxe4 Bxe4 24. Kxe4 Rxd4+ 25. Rxd4 Rxd4+ 26. Ke3 Kf7 $14) 23... cxd4+ 24. Rxd4 Rxd4 25. Nxd4 {[%mdl 4096] Endgame KRB-KRN} Kf7 26. Rf2 h6 27. h4 a6 28. Rd2 g5 $2 (28... Bc8 {was worth a try.} 29. a4 (29. Kxe4 Bb7+ 30. Ke3 Ke7 $18) 29... Bb7) 29. fxg5 {White is clearly winning.} hxg5 {[#]} 30. Nxe6 $1 {[%mdl 512]} Rxd2 (30... Kxe6 31. Rxd8) 31. Nxg5+ {[%mdl 64] Double Attack} Kg6 32. Kxd2 {KB-KN} Kf5 33. e6 {[%cal Be5e6,Be6e7][%mdl 32]} Kg4 (33... a5 $142 34. Nf7 Bc6 35. g4+ Kf4) 34. e7 Bc6 {[#]} 35. Nxe4 $1 {[%mdl 512] Accuracy: White = 83%, Black = 26%.} 1-0

[Event "XLIV Sevilla Open 2019"]
[Site "Sevilla"]
[Date "2019.01.16"]
[Round "6"]
[White "Del Rio De Angelis, Salvador G."]
[Black "Medina Romero, Jose"]
[Result "1-0"]
[WhiteElo "2501"]
[BlackElo "2075"]
[Annotator "TA"]
[PlyCount "59"]
[EventDate "2019.01.11"]
[EventType "swiss"]
[EventCountry "ESP"]
[SourceTitle "playchess.com"]
[Source "ChessBase"]
[SourceQuality "1"]

{[%evp 16,59,45,28,59,59,62,33,59,46,57,56,65,83,102,101,87,98,107,112,177,168,175,183,174,169,176,171,384,218,226,210,273,275,264,239,787,750,755,745,820,825,1525,1437,2715,2701]} 1. d4 g6 2. c4 Nf6 3. Nc3 Bg7 4. Nf3 O-O 5. Bg5 d6 6. e3 Nbd7 7. Be2 c6 8. Qc2 a6 9. O-O {LiveBook: 42 Games} e5 {E61: King's Indian: Early deviations for White, including Smyslov System} (9... b5 10. Nd2 Bb7 11. b4 a5 12. Rab1 bxc4 13. bxa5 Ba6 14. Nxc4 Bxc4 15. Bxc4 Qxa5 16. Bh4 Rfb8 17. Bb3 Qh5 {0-1 (31) Sulava,N (2565)-Martinovic,S (2511) Marija Bistrica 2011}) 10. Rfd1 Qc7 11. Bh4 Re8 {White is slightly better.} 12. dxe5 dxe5 13. Nd2 Nc5 $146 ({Predecessor:} 13... Nf8 14. c5 Bf5 15. Qb3 Ne6 16. Na4 g5 17. Bg3 {1-0 (41) Przezdziecka,M (2281)-Gasik,P (2105) Warsaw 2008}) 14. b4 Ne6 15. Nde4 Nxe4 16. Nxe4 Rf8 {[#]} 17. c5 $1 f5 (17... a5 $16 {was necessary.}) 18. Nd6 $18 g5 19. Bc4 gxh4 20. Nxc8 {[%mdl 64] Overworked Piece} Qxc8 21. Rd6 Rf6 $2 {[#]} (21... Kh8) 22. Rxe6 (22. Bxe6+ $142 Rxe6 23. Qc4) 22... Kh8 23. Re7 ({Stronger than} 23. Rxe5 Rg6 $17) 23... f4 24. Rd1 Qg4 25. f3 $40 {[%mdl 128] Black is in trouble.} ({Don't play} 25. Rxb7 $6 Rg6 $16) 25... Qg5 $2 (25... Qg6 26. Bd3 Qh6 27. Rxb7 h3) 26. Rdd7 {White is clearly winning.} Rg6 27. Bd3 e4 28. Bxe4 fxe3 29. Bxg6 e2 30. Qxe2 {Accuracy: White = 82%, Black = 32%.} 1-0

[Event "XLIV Sevilla Open 2019"]
[Site "Sevilla"]
[Date "2019.01.16"]
[Round "6"]
[White "Li, Di"]
[Black "Starostits, Ilmars"]
[Result "1-0"]
[WhiteElo "2488"]
[BlackElo "2442"]
[Annotator "TA"]
[PlyCount "69"]
[EventDate "2019.01.11"]
[EventType "swiss"]
[EventCountry "ESP"]
[SourceTitle "playchess.com"]
[Source "ChessBase"]
[SourceQuality "1"]

{[%evp 17,69,162,162,160,166,170,166,100,128,130,228,229,230,222,217,212,250,242,294,301,289,291,298,184,267,268,311,289,309,288,432,424,471,466,462,455,525,526,566,564,558,560,545,543,532,441,589,583,693,687,669,669,605,597]} 1. d4 Nf6 2. Nf3 c5 3. d5 b5 4. c4 e6 5. Bg5 exd5 6. cxd5 d6 7. e4 {E10: Blumenfeld Gambit} (7. e3 a6 8. a4 b4 9. Nbd2 Be7 10. Nc4 Bb7 11. Bxf6 Bxf6 12. a5 O-O 13. Bd3 Qe7 14. O-O Nd7 {0-1 (38) Delchev,A (2629)-Mamedyarov,S (2733) Porto Carras 2011}) 7... a6 8. a4 h6 9. Bxf6 Qxf6 {LiveBook: 3 Games} 10. axb5 Qxb2 11. Nbd2 Be7 12. Nc4 $146 ({White should try} 12. Rb1 $18 Qc3 13. b6) ({Predecessor:} 12. Be2 f5 13. e5 Bb7 14. O-O axb5 {1-0 (26) Pashikian,A (2616)-Artamonov,V (2277) Khanty-Mansiysk 2011}) 12... Qc3+ $16 13. Nfd2 {aiming for Ra3.} Bg4 (13... O-O $16 {was necessary.}) 14. Be2 $18 Bxe2 15. Kxe2 O-O 16. Qb3 Qf6 17. Rhb1 Qg6 18. Qg3 Qh5+ 19. Qf3 Qg6 20. Kf1 Bf6 (20... Bg5 $142 21. b6 a5) 21. Ra2 Bd4 22. Qf5 Qxf5 23. exf5 a5 (23... Bc3 $142 24. Ne4 (24. Nxd6 Bxd2 25. Rxd2 axb5 $16) 24... Bb4) 24. Rxa5 {White is clearly winning.} Nd7 25. Rxa8 Rxa8 26. b6 {[%cal Bb5b6,Bb6b7][%mdl 32]} Ra4 27. b7 {[#] Hoping for Nb6.} Rb4 28. Rxb4 cxb4 {[%mdl 4096] Endgame KBN-KNN} 29. Na5 Bb6 30. Nc6 Bc7 31. Ke2 g6 32. fxg6 fxg6 33. Nb3 Kf7 34. Nxb4 Nb8 35. Nd4 {Accuracy: White = 81%, Black = 53%.} 1-0

[Event "XLIV Sevilla Open 2019"]
[Site "Sevilla"]
[Date "2019.01.16"]
[Round "6"]
[White "Krishna C R G"]
[Black "Diaz Castro, Ismael"]
[Result "0-1"]
[WhiteElo "2469"]
[BlackElo "2228"]
[Annotator "TA"]
[PlyCount "106"]
[EventDate "2019.01.11"]
[EventType "swiss"]
[EventCountry "ESP"]
[SourceTitle "playchess.com"]
[Source "ChessBase"]
[SourceQuality "1"]

{[%evp 19,106,-25,-12,-46,-34,-81,-6,-107,-94,-116,-123,-117,-94,-107,-105,-100,-95,-130,-114,-149,-137,-170,-87,-197,-170,-173,-145,-164,-147,-166,-155,-185,-143,-116,-46,-212,-14,-9,0,-25,0,-96,-44,-90,-52,-293,-169,-177,-169,-477,-183,-168,-125,-362,-175,-457,-227,-835,-850,-825,-816,-812,-796,-997,-819,-819,-776,-793,-713,-956,-840,-841,-679,-815,-535,-535,-519,-538,-542,-542,-504,-482,-490,-462,-442,-442,-441,-29978,-29980]} 1. Nf3 Nf6 2. d4 g6 3. Nc3 d5 4. Bf4 Bg7 5. e3 O-O 6. Be2 c5 7. dxc5 Nbd7 8. O-O Nxc5 9. Be5 {D00: 1 d4 d5: Unusual lines} b6 10. a4 Bb7 {LiveBook: 3 Games} 11. Ra3 {The position is equal.} Ncd7 12. Bg3 Rc8 $146 (12... a6 $17) ({Predecessor:} 12... a6 13. Ne5 e6 14. Bf3 Rc8 15. Ne2 Nc5 16. Nd3 Nfe4 17. Be5 Nxd3 18. Bxg7 Ndxf2 19. Qd4 Rc4 20. Qe5 f6 21. Qxe6+ Kxg7 22. Rb3 Rc6 23. Nd4 Rd6 {0-1 (23) Krishna,C (2402)-Borisek,J (2576) Spilimbergo 2018}) 13. b4 (13. a5 $1 $11 {remains equal.}) 13... a6 $17 14. Qd3 Re8 15. Rd1 e6 16. Qd2 Qe7 17. Rb3 Red8 18. Ne1 e5 {aiming for ...d4!} 19. Bf1 Nb8 20. Qe2 Nc6 (20... Nh5 $1 $19 21. Nf3 Nxg3 22. hxg3 e4) 21. Na2 (21. Bh4 $17 {is a better defense.}) 21... d4 22. Rbb1 dxe3 23. Rxd8+ Rxd8 24. Qxe3 Nd5 25. Qa3 f5 26. c4 Nf6 (26... Nc7 $1 $17 27. Nf3 Bf6) 27. c5 $2 {[#]} ({White should play} 27. Bh4 $1 $15) 27... f4 $2 (27... Ne4 $1 $19 {Strongly threatening ...f4.} 28. Nf3 Nxg3 29. hxg3 e4) 28. Bh4 $11 Nd4 $36 {[%mdl 2048] Black fights for an advantage.} 29. Nc3 e4 30. Rd1 (30. b5 $11 {keeps the balance.} axb5 31. Bxb5) 30... e3 (30... h6 $17 {White must now prevent ...g5.} 31. Qa2+ Kh7) 31. Qa2+ Kh8 32. Qc4 $2 {[#]} (32. cxb6 $15 Qxb4 33. fxe3 fxe3 34. Qc4 Qxb6 35. Rb1) 32... b5 $1 {[%mdl 512]} 33. axb5 $19 axb5 34. Qd3 $2 (34. Nxb5 {was the crucial defense.} Nf3+ 35. Nxf3 Rxd1 36. Nc3) 34... Nf3+ $2 (34... exf2+ 35. Bxf2 Ng4) 35. Nxf3 Rxd3 36. Bxd3 $2 (36. Rxd3 $17 {only move.} exf2+ 37. Bxf2) 36... exf2+ (36... Bxf3 $142 37. gxf3 g5 38. Bxg5 exf2+ 39. Kg2 (39. Kxf2 $2 Ng4+ 40. fxg4 Bd4+ 41. Kf1 Qxg5 $19) 39... Qe1 40. Bxf4 Qxc3) 37. Kf1 $2 (37. Bxf2 Ng4 38. Re1) 37... Qe6 (37... Bxf3 $142 38. gxf3 Qe3) 38. Bxb5 $2 (38. Be2 Bxf3 39. Bxf3) 38... Bxf3 39. gxf3 Qh3+ 40. Ke2 Qxh4 41. Bc4 h6 42. c6 {[#]} f1=Q+ $1 43. Rxf1 Qxh2+ 44. Kd3 Ne8 {Hoping for ...Qg2.} 45. Re1 Nd6 46. c7 Bxc3 47. Kxc3 Qh3 48. Rd1 Qxf3+ 49. Rd3 Qc6 50. Rxd6 Qxc7 51. Rxg6 Qe5+ 52. Kb3 Qe3+ 53. Ka4 (53. Kc2 $19 f3 54. Re6) 53... Qe8+ {Precision: White = 16%, Black = 30%.} 0-1

[Event "XLIV Sevilla Open 2019"]
[Site "Sevilla"]
[Date "2019.01.16"]
[Round "6"]
[White "Das, Arghyadip"]
[Black "Krishna Teja, N."]
[Result "1/2-1/2"]
[WhiteElo "2431"]
[BlackElo "2371"]
[Annotator "TA"]
[PlyCount "63"]
[EventDate "2019.01.11"]
[EventType "swiss"]
[EventCountry "ESP"]
[SourceTitle "playchess.com"]
[Source "ChessBase"]
[SourceQuality "1"]

{[%evp 18,63,27,26,34,25,48,34,58,18,15,0,0,0,0,0,35,17,43,45,75,77,70,37,43,10,12,6,16,0,0,0,0,0,0,0,0,0,2,0,0,-5,0,0,0,0,0,0]} 1. Nf3 d5 2. g3 c6 3. Bg2 Bg4 4. O-O Nd7 5. h3 Bxf3 $146 (5... Bh5 6. d4 e6 7. c4 Be7 8. cxd5 exd5 9. Nc3 Bxf3 10. Bxf3 Ngf6 11. Bf4 O-O 12. e3 Re8 {½-½ (53) Harikrishna,P (2732)-Navara,D (2727) Prague 2018}) 6. Bxf3 {A07: Réti Opening: New York and Capablanca Systems} e5 7. d3 Ngf6 8. e4 dxe4 9. dxe4 Nc5 10. Qe2 {LiveBook: 5 Games} Qd7 11. Bg2 Rd8 12. Nd2 Be7 13. Nf3 Qc7 14. b3 O-O 15. Bb2 Ncxe4 16. Nxe5 Ng5 17. Rad1 Rxd1 18. Rxd1 Rd8 19. Rxd8+ Qxd8 20. Kh2 Ne6 21. Nd3 Nd7 {The position is equal.} 22. h4 Bf6 23. Bh3 Bxb2 24. Bxe6 Bd4 $1 25. Bxd7 Qxd7 26. Qe4 g6 27. Kg2 Kg7 28. Nf4 Bf6 29. h5 Qd8 30. Qe3 Bd4 31. Qe4 Bf6 32. Qe3 {Accuracy: White = 53%, Black = 56%.} 1/2-1/2

[Event "XLIV Sevilla Open 2019"]
[Site "Sevilla"]
[Date "2019.01.16"]
[Round "6"]
[White "Campora, Daniel H."]
[Black "Iniyan, P."]
[Result "1/2-1/2"]
[WhiteElo "2417"]
[BlackElo "2456"]
[Annotator "TA"]
[PlyCount "132"]
[EventDate "2019.01.11"]
[EventType "swiss"]
[EventCountry "ESP"]
[SourceTitle "playchess.com"]
[Source "ChessBase"]
[SourceQuality "1"]

{[%evp 16,131,17,3,10,0,30,0,12,-18,0,-20,-22,-19,-24,-21,-19,-15,-20,-25,-23,-31,-30,-58,-57,-65,-65,-73,-48,-62,-43,-49,-37,-50,-50,-45,-39,-60,-47,-40,-21,-21,-20,-21,-23,-25,0,0,0,0,0,0,0,0,0,0,0,0,0,0,4,0,0,0,0,-8,-8,-8,-8,-8,-8,-8,-8,-8,-8,-12,-8,-8,-8,-8,-8,-8,-8,-8,-8,-8,-8,-8,-8,-8,-8,-8,-8,-8,-8,-8,-8,-8,-8,-8,-8,-8,-8,-8,0,0,0,0,0,0,0,0,0,0,0,0,0,0]} 1. e4 c5 2. Nf3 d6 3. Bb5+ Nd7 4. O-O a6 5. Bxd7+ Bxd7 6. Re1 Nf6 7. e5 {B51: Sicilian: Moscow Variation (3 Bb5+) without 3...Bd7} dxe5 8. Nxe5 e6 (8... Rc8 9. d3 e6 10. Nc3 Be7 11. Qf3 Bc6 12. Nxc6 Rxc6 13. Bf4 O-O 14. Be5 Nd7 15. Bf4 Nf6 16. Be5 Nd7 17. Bf4 Nf6 18. Be5 {½-½ (18) Tomashevsky,E (2713)-Vitiugov,N (2722) St Petersburg 2017}) 9. d3 {LiveBook: 5 Games} Be7 10. a4 $146 ({Predecessor:} 10. Qf3 Bc8 11. Nc3 O-O 12. Nc4 Ra7 13. a4 b6 14. Qg3 Kh8 {½-½ (40) Wang,C (2510)-Wang,T (2401) China 2017}) 10... b6 11. Nd2 O-O 12. Ndc4 b5 13. axb5 axb5 14. Rxa8 Qxa8 15. Nb6 Qb7 16. Nbxd7 Nxd7 17. Qf3 Qxf3 18. Nxf3 Ra8 19. Bg5 f6 20. Bd2 Kf7 21. Kf1 g5 22. h3 h5 23. Rb1 g4 24. hxg4 hxg4 25. Ne1 Nb6 26. Ke2 f5 27. f3 Bf6 28. fxg4 fxg4 29. c3 Ra2 30. Kd1 $1 Be5 31. Nc2 {The position is equal.} Na4 32. Kc1 {[#]} b4 $1 {[%cal Rb4c3][%mdl 512]} 33. d4 (33. cxb4 Nxb2) 33... Bf6 {Hoping for ...b3.} (33... Bh8 {is interesting.} 34. dxc5 bxc3 35. Bxc3 Bxc3 36. bxc3 Nxc5 37. Kd2 Ne4+) 34. dxc5 $1 bxc3 35. Bxc3 Nxc3 36. bxc3 Bxc3 $11 {[%mdl 4096] Endgame KRB-KRN} 37. Rb3 Be5 38. c6 Ra6 39. Rb7+ Kf6 40. Rb4 Rxc6 {With the idea ...Kg5.} 41. Rxg4 Kf5 {[#] ( -> ...Rxc2+!)} 42. Ra4 Bf4+ 43. Kd1 e5 44. Ra3 $1 Rd6+ 45. Ke1 Rd2 (45... Ke4 {is more complex.} 46. Kf1 Rd2 47. Ra4+ Kd5 48. Ne1 Be3) 46. Ne3+ Bxe3 $1 47. Rxe3 Rxg2 {KR-KR} 48. Ra3 Rb2 49. Ra4 e4 50. Ra5+ Kf4 51. Ra3 Rh2 52. Rb3 Ra2 53. Rc3 Ke5 54. Rh3 Kd4 55. Rg3 Ra8 56. Ke2 Rh8 57. Ra3 Rh2+ 58. Ke1 Rc2 (58... Ke5 {feels hotter.} 59. Rg3 Kf5 60. Rc3 Rh8 61. Rg3 Kf4) 59. Rh3 (59. Kf1 {with more complications.} Ke5 60. Re3 Rh2 61. Ke1 Rh8 62. Ra3) 59... Rc3 (59... Rb2 {seems wilder.} 60. Kd1 Ra2 61. Ke1 Rg2 62. Kd1 Rf2) 60. Rxc3 Kxc3 {KP-K} 61. Ke2 Kd4 62. Kd2 e3+ 63. Ke2 {[%cal Bd2e2,Be2e1,Be1d1][%mdl 32]} Ke4 64. Ke1 Kd3 $2 {[%mdl 8192]} (64... Kf3 65. Kf1 Kg4) 65. Kd1 e2+ 66. Ke1 Ke3 {Accuracy: White = 65%, Black = 72%.} 1/2-1/2

[Event "XLIV Sevilla Open 2019"]
[Site "Sevilla"]
[Date "2019.01.16"]
[Round "6"]
[White "Blanco Acevedo, Cristobal Jose"]
[Black "Clemente Llamero, Roberto"]
[Result "1-0"]
[WhiteElo "2397"]
[BlackElo "2101"]
[Annotator "NA"]
[PlyCount "43"]
[EventDate "2019.01.11"]
[EventType "swiss"]
[EventCountry "ESP"]
[SourceTitle "playchess.com"]
[Source "ChessBase"]
[SourceQuality "1"]
[TimeControl "5400+30"]

1. Nf3 {[%emt 0:02:37]} d5 2. d4 {[%emt 0:00:30]} Nf6 3. c4 {[%emt 0:00:30]} c6 4. e3 {[%emt 0:00:30]} e6 5. Nc3 {[%emt 0:00:30]} Nbd7 6. Qc2 {[%emt 0:00:30]} Bd6 7. g4 {[%emt 0:00:30]} Nxg4 8. Rg1 {[%emt 0:00:30]} Qf6 9. Rxg4 {[%emt 0:00:30]} Qxf3 10. Rxg7 {[%emt 0:00:30]} Bxh2 11. e4 {[%emt 0:00:30]} dxe4 12. Nxe4 {[%emt 0:00:30]} h6 13. Be3 {[%emt 0:00:30]} Bc7 14. Bg2 {[%emt 0:00:30]} Qf5 15. O-O-O {[%emt 0:00:30]} Nf6 16. d5 {[%emt 0:00:30]} Bd7 17. d6 {[%emt 0:00:30]} Bb6 18. c5 {[%emt 0:00:30]} Bd8 19. Rg1 {[%emt 0:00:30]} Kf8 20. Bh3 {[%emt 0:00:30]} Qh5 21. Nxf6 {[%emt 0:00:30]} Bxf6 22. Qh7 {[%emt 0:00:30]} 1-0

[Event "XLIV Sevilla Open 2019"]
[Site "Sevilla"]
[Date "2019.01.16"]
[Round "6"]
[White "Polivanov, Anatoliy"]
[Black "Li, Xueyi"]
[Result "1/2-1/2"]
[WhiteElo "2374"]
[BlackElo "2194"]
[Annotator "NA"]
[PlyCount "46"]
[EventDate "2019.01.11"]
[EventType "swiss"]
[EventCountry "ESP"]
[SourceTitle "playchess.com"]
[Source "ChessBase"]
[SourceQuality "1"]
[TimeControl "5400+30"]

1. d4 {[%emt 0:00:00]} d5 {[%emt 0:00:00]} 2. c4 {[%emt 0:00:00]} c6 {[%emt 0:00:18]} 3. Nf3 {[%emt 0:00:00]} e6 {[%emt 0:00:59]} 4. e3 {[%emt 0:00:10]} Nf6 {[%emt 0:01:15]} 5. Nc3 {[%emt 0:00:07]} Nbd7 {[%emt 0:00:07]} 6. Qc2 {[%emt 0:00:25]} Bd6 {[%emt 0:00:27]} 7. g4 {[%emt 0:00:08]} Nxg4 {[%emt 0:07:42]} 8. Rg1 {[%emt 0:00:30]} Qf6 {[%emt 0:00:17]} 9. Rxg4 {[%emt 0:00:44]} Qxf3 {[%emt 0:00:08]} 10. Rxg7 {[%emt 0:01:33]} Nf6 {[%emt 0:00:11]} 11. Bg2 {[%emt 0:02:52]} Qh5 {[%emt 0:01:41]} 12. e4 {[%emt 0:00:05]} Nxe4 {[%emt 0:03:41]} 13. Bxe4 {[%emt 0:15:59]} dxe4 {[%emt 0:00:57]} 14. Nxe4 {[%emt 0:00:12]} Be7 {[%emt 0:06:57]} 15. Bg5 {[%emt 0:08:05]} Bb4+ {[%emt 0:00:33]} 16. Kf1 {[%emt 0:10:25]} Qh3+ {[%emt 0:00:25]} 17. Ke2 {[%emt 0:01:44]} e5 {[%emt 0:08:13]} 18. Rg1 {[%emt 0:12:12]} Bg4+ {[%emt 0:02:11]} 19. Rxg4 {[%emt 0:00:06]} Qxg4+ {[%emt 0:00:04]} 20. Kf1 {[%emt 0:00:27]} Qh3+ {[%emt 0:00:07]} 21. Kg1 {[%emt 0:04:50]} Qg4+ {[%emt 0:05:37]} 22. Kf1 {[%emt 0:08:20]} Qh3+ {[%emt 0:05:15]} 23. Kg1 {[%emt 0:00:16]} Qg4+ {[%emt 0:15:02]} 1/2-1/2